Pohräbné verše. Sväzok Prvý,

Bibliographic Details
Main Author: Salva, Karol, 1849-1913 (Author, Editor, Author of introduction, etc.)
Corporate Author: Škarnicel, Jozef – dedičia (Skalica, Slovensko) (Printer, bpl)
Other Authors: Uram-Podtatranský, Rehor, 1846-1924 (Compiler, Author of introduction, etc., Editor)
Format: Book
Language:Slovak
PhysicalDescription:85 strán 8° 20,5 × 14 cm
Published: V Uh. Skalici Tlačou a nákladom dedičov Jozefa Škarnicla 1879
Subjects:

MARC

LEADER 00000cam a2200000 a 4500
001 vtls001304044
003 SK-MaSNL
005 20260331203933.0
008 180810s1879 xo 0 00p slo
035 |a SNK000256231 
040 |a SNK  |b slo  |c SNK  |d SNKHF  |r da 
041 0 |a slo 
044 |a xo  |c SK 
072 7 |a 27-5  |x Liturgia. Kresťanské umenie a symbolika. Duchovný život  |2 konspekt 
080 |a 094  |2 2011 
080 |a 2-557  |2 2011 
100 1 |a Uram-Podtatranský, Rehor,  |d 1846-1924  |4 com  |4 aui  |4 edt  |9 115423 
245 1 0 |a Pohräbné verše.  |n Sväzok Prvý,  |c Sostavili: Rehor Uram a Karol Salva ev. učitelia 
246 3 6 |a Pohräbné verše.  |c Sostavili: Rehor Uram a Karol Salva ev. učitelia  |n Sväzok Prvý 
264 1 |a V Uh. Skalici  |b Tlačou a nákladom dedičov Jozefa Škarnicla  |c 1879 
300 |a 85 strán  |c 8°  |c 20,5 × 14 cm 
336 |a text  |b txt  |2 rdacontent 
337 |a bez média  |b n  |2 rdamedia 
338 |a zväzok  |b nc  |2 rdacarrier 
500 |a Linky, typograf. ozdoby., tlač. pozn. 
508 |a Predslov autora 
510 4 |a BÚST19  |c 14781 
546 |a Slovenčina  |b Antikva 
561 |a Prov.: Peč.: Štátna vedecká knižnica v Prešove  |5 SVKPO: A 22897/I 
563 |a Väzba: pôvodná, žltý papier. Predná obálka chýba. Údaje o dokumente prevzaté z titulného listu.  |5 SVKPO: A 22897/I 
563 |a Väzba: mramorovo-vzorovaná čierno-sivá papierová lepenka na kartóne s antracitovou farbou plátna na nároží a chrbte.  |5 SNK SC 430/1 
563 |a Väzba: svetlozelené plátno na kartóne.  |5 SNK SC 430/1 D1 
563 |a Väzba: svetlozelené plátno na kartóne.  |5 SNK SC 430/1 D2 
650 0 7 |a staré tlače  |2 SNKPH  |9 51683 
650 0 7 |a pohreby  |2 SNKPH  |9 1976 
650 0 7 |a epicédiá  |2 svkpo  |9 364419 
650 0 7 |a Evanjelická cirkev a.v.  |2 SNKPH  |9 268741 
650 0 7 |a pohrebné obrady  |2 SNKPH  |9 68031 
655 7 |a príležitostná poézia  |2 SNKPH  |9 86742 
700 1 |a Salva, Karol,  |d 1849-1913  |4 aut  |4 edt  |4 aui  |9 93017 
710 2 |a Škarnicel, Jozef – dedičia (Skalica, Slovensko)  |4 prt  |4 bpl  |9 189503 
752 |a Slovensko  |d Skalica 
852 |a SVKPO  |c Historické fondy  |p A 22897/I 
852 |a Slovenská národná knižnica  |p SC 430/1 ; D1 ; D2 
958 |a ONDV 
958 |a DF 
999 |c 888141  |d 890071 
952 |a SNK  |b SNK  |y PREZ  |7 0  |p 17A0748657  |o snkSC 430/1 D1  |i snkD 927/74  |8 1  |z Rok: 1879  |0 0  |1 0  |4 0  |d 2012-02-02  |l 0  |r 2026-02-24 06:36:16  |w 2026-02-24 
952 |a SNK  |b SNK  |y PREZ  |7 0  |p 17A0748658  |o snkSC 430/1 D2  |i snkD 928/74  |8 1  |z Rok: 1879  |0 0  |1 0  |4 0  |d 2012-02-02  |l 0  |r 2026-02-24 06:36:16  |w 2026-02-24 
952 |a SNK  |b SNK  |c SNK_KF  |y PREZ  |7 8  |p 17A0099094  |o snkSC 430/1  |i snk3765/28  |8 19  |0 0  |1 0  |2 udc  |4 0  |d 1997-09-29  |l 0  |r 2025-05-27 00:00:00  |w 2026-02-24 
952 |a SNKLM  |b SNKLM  |y NEVYP  |7 0  |o snklmMK 3726  |8 3  |0 0  |1 0  |4 0  |d 2006-05-05  |l 0  |r 2026-02-24 06:36:16  |w 2026-02-24